000 00321nam a2200133Ia 4500
008 100328s9999 xx 000 0 und d
082 _b44787
100 _aकर्णिक हेमन.
245 _aथंडर
260 _bशांती
630 _aथंडर
730 _aथंडर
942 _cBOOK
999 _c533032
_d533029